| 000 | 00550nam a2200205Ia 4500 | ||
|---|---|---|---|
| 999 |
_c4929 _d4929 |
||
| 001 | 4809 | ||
| 003 | PK-LaUMT | ||
| 005 | 20221119145821.0 | ||
| 008 | 140318s9999 xx 000 0 und d | ||
| 020 | _a0-02-901500-6 | ||
| 040 | _cPK-LaUMT | ||
| 082 |
_a 658.409 _bBAS-B |
||
| 100 | _aBass, Bernard M. | ||
| 245 |
_aBass & Stogdill's Handbook of leadership : Theory, research, _cBass, Bernard M. |
||
| 260 |
_aNew York,USA: _bThe Free Press, _c1990 |
||
| 300 | _a1182 p. | ||
| 546 | _aEN | ||
| 650 | _aLeadership-Abstracts | ||
| 942 |
_cSTK2002 _2ddc |
||